000
00403nam a22001697a 4500
003
MPLRDC
005
20220104114212.0
008
210129b ||||| |||| 00| 0 eng d
082
_a
782.8413 WZT-5
100
_a
捧书生
245
_a
武则天外传
_c
250
_a
初版
260
_a
_b
世界文物出版社
_c
1983
300
_b
平
650
_a
武则天传记
942
_c
BK
_o
782.8413 WZT-5
999
_c
5631
_d
5621